MDQL
is popping MORE tags! Check the
thread
!
Quizzes
Events
Quiz Creation
Community
Videos
Private Events
Remove Ads
Sign In
Join for FREE
Feedback
Dark Mode
Quiz Categories
Sports
Geography
Music
Movies
Television
Just For Fun
Miscellaneous
History
Literature
Language
Science
Gaming
Entertainment
Religion
Holiday
For Kids
Quiz Lab
Recent
Popular Today
Quiz Kudos Today
Editor Picks
Curator Picks
Quizzes by...
Day
Popularity
Type
Ratings
Length
Year
Community
Subscriptions
Recent Discussions
Orange Saloon
Badges
Playlists
Quests
Create
Leaderboards
Showdown
Live 5
Trivia Bingo
Activity
Puzzle Library
Sporcle Events
Private Events
Virtual Trivia
Globe League
Become a Host
Pub Owners
SporcleCon
Opinionation
Our Games
Videos
Blog
Mobile Apps
Partnerships
Remove Ads and Go Orange
Feedback
Movies
Disney
Marvel Cinematic Universe
Movie Resume
Movie Titles
Oscar
Actor
Actress
Director
Pixar
Role
Movie Quotes
Movie Characters
Box Office
Nominee
Best Picture
Star Wars
James Bond
Horror Movies
Movies
Disney
Marvel Cinematic Universe
Movie Resume
Movie Titles
Oscar
Actor
Actress
Director
Pixar
Role
Movie Quotes
Movie Characters
Box Office
Nominee
Best Picture
Star Wars
James Bond
Horror Movies
Random Quiz
Search Sporcle
×
Quiz Lab
Quiz Lab
Movies
Nominee
Type in answers that appear in a list
Type in answers that appear in a list
Classic
Best Score? Go Orange.
2016 MTV Movie Awards Winners & Nominees Stats
Can you name the 2016 MTV Movie Awards winners and nominees?
By
Daan_Jellyfish
10m
84 Questions
203 Plays
203 Plays
203 Plays
Comments
Comments
Give Quiz Kudos
Give Quiz Kudos
-
- Ratings
hide this ad
More Info
Replay
Link that replays current quiz
Next Quiz
Link to next quiz in quiz playlist
You Got
0%
They Got
Avg Score
58%
Avg Friend Score
Upgrade to see
Score Distribution
Jump to the score distribution portion of the page
Score
0/84
Timer
10:00
0
Plays Today
% Correct
Star Wars: The Force Awakens
82.8%
Leonardo DiCaprio vs. The Bear
82.3%
Star Wars: The Force Awakens
82.3%
Leonardo DiCaprio (The Revenant)
81.8%
The Revenant
76.8%
Charlize Theron vs. Tom Hardy
76.8%
Daisy Ridley vs. Adam Driver
76.4%
Daisy Ridley (Star Wars: The Force Awakens)
75.9%
Daisy Ridley (Star Wars: The Force Awakens)
75.9%
Daisy Ridley (Star Wars: The Force Awakens)
75.9%
Charlize Theron (Mad Max: Fury Road)
74.9%
Jennifer Lawrence (Joy)
74.9%
Jennifer Lawrence (Hunger Games: Mockingjay II)
74.9%
Jennifer Lawrence (Hunger Games: Mockingjay II)
74.9%
Charlize Theron (Mad Max: Fury Road)
74.9%
Avengers: Age of Ultron
72.9%
Avengers: Age of Ultron
72.9%
Robert Downey Jr. vs. Mark Ruffalo
70.9%
Adam Driver (Star Wars: The Force Awakens)
70.9%
Tom Hardy (The Revenant)
70.4%
John Boyega (Star Wars: The Force Awakens)
68.5%
John Boyega (Star Wars: The Force Awakens)
68.5%
Ryan Reynolds (Deadpool)
68%
Ryan Reynolds (Deadpool)
68%
Ryan Reynolds vs. Ed Skrein
68%
Morena Baccarin & Ryan Reynolds
68%
Ryan Reynolds (Deadpool)
68%
Jurassic World
67%
% Correct
Straight Outta Compton
67%
Straight Outta Compton
67%
Dwayne Johnson (San Andreas)
67%
Dwayne Johnson (San Andreas)
67%
Deadpool
65.5%
Pitch Perfect 2
65.5%
Dakota Johnson (Fifty Shades of Grey)
65%
Rebel Wilson & Adam DeVine
65%
Dakota Johnson & Jamie Dornan
65%
Chris Pratt (Jurassic World)
64.5%
Chris Pratt (Jurassic World)
64.5%
Amy
64%
Rebel Wilson (Pitch Perfect 2)
64%
Joy
62.6%
Will Smith (Concussion)
62.1%
Margot Robbie & Will Smith
62.1%
Chris Evans (Avengers: Age of Ultron)
60.6%
Amy Poehler (Inside Out)
59.1%
O'Shea Jackson Jr. (Straight Outta Compton)
58.1%
Samuel L. Jackson (Kingsman: The Secret Service)
58.1%
Melissa McCarthy (Spy)
56.2%
Melissa McCarthy vs. Nargis Fakhri
56.2%
Amy Schumer (Trainwreck)
55.7%
Amy Schumer (Trainwreck)
55.7%
Amy Schumer & Bill Hader
55.7%
Anna Kendrick (Pitch Perfect 2)
54.7%
Matt Damon (The Martian)
52.2%
Brie Larson (Room)
52.2%
% Correct
Andy Serkis (Star Wars: The Force Awakens)
52.2%
James Spader (Avengers: Age of Ultron)
51.2%
James Spader (Avengers: Age of Ultron)
51.2%
Morena Baccarin (Deadpool)
50.7%
Leslie Mann & Chris Hemsworth
50.7%
Kevin Hart (Ride Along 2)
50.2%
Ed Skrein (Deadpool)
49.8%
Trainwreck
49.8%
Creed
48.8%
Paul Rudd (Ant-Man)
48.8%
Concussion
46.8%
Lupita Nyong'o (Star Wars: The Force Awakens)
45.8%
Furious 7
45.8%
Vin Diesel (Furious 7)
45.3%
Jack Black (Kung Fu Panda 3)
45.3%
Michael B. Jordan (Creed)
43.3%
Alicia Vikander (Ex Machina)
41.9%
The Big Short
41.4%
The Hunger Games: Mockingjay Part II
40.9%
Will Ferrell (Get Hard)
39.4%
Steve Jobs
33%
Seth MacFarlane (Ted 2)
33%
What Happened, Miss Simone?
23.2%
The Hunting Ground
18.7%
Hugh Keays-Byrne (Mad Max: Fury Road)
17.7%
He Named Me Malala
16.7%
Cartel Land
16.3%
The Wolfpack
15.8%
Quiz Playlist
Details
Report
Send in Message
Add To Playlist
More Info:
MTV Generation Award
(to Will Smith) and
Comedic Genius Award
(to Melissa McCarthy) are excluded from this quiz.
Classic:
Type in answers that appear in a list
Last Updated: Feb 16, 2017
Quiz Scoreboard
CHALLENGE
Sign Up to Join the Scoreboard
Show All
Scores
Hide
Comments
May contain spoilers
Recently Published
Colored Red Africa Blitz
by spor1
Geography
30s
Find the 'City' Movie
by crazypaving
Movies
60s
5x2 Blitz: Bands
by SL_Kpop136
Music
30s
More to Explore
Quiz From the Vault
Featured Blog Post
14 Easter Pick-up Lines to Find Eggs With
hide this ad
You Might Also Like...
Tags
Nominee Quiz
2016
Award
MTV
MTV Movie
Winner
Today's Top Quizzes in Movies
Browse Movies
hide this ad
Today's Top Quizzes in Nominee
Browse Nominee
Top Contributed Quizzes in Movies
1
Find The 'Big' Movie
2
Find The 'Blue' Movie
3
Find The 'Wild' Movie
4
Hidden Star Wars Character II
5
Pick 5 Posters: Directed by Spielberg
6
Hidden Star Wars Character III
7
Hidden Star Wars Character IV
8
Movies By Plot
9
Alfred Hitchcock Movies by Plot
10
Hidden Star Wars Character V
Explore More
Trending Topics
Kpop
Harry Potter
Anime
NBA
Crossword
Marvel
Disney
NFL
Country
Soccer
Puzzle
Song
Pokémon
WWE
The Office
hide this ad
More By:
Daan_Jellyfish
Quiz
Plays
Rating
Category
Featured
Created
Ethiopia's Borders
51,357
4.65
Geography
Mar 5, 2014
Mega Evolution Search I
6,696
4.56
Gaming
Sep 27, 2016
Lyrics to Selena Gomez's 'Love You like a Love Song'
3,635
4.50
Music
Feb 18, 2014
Legendary Dragon Pokémon
3,246
5.00
Gaming
Oct 15, 2015
Scrabble: Top Legendary Pokémon
2,935
4.60
Gaming
Oct 28, 2015
Go to Creator's Profile
Score Distribution
Quiz Creator Spotlight
Daan_Jellyfish
Follow
Send a Message
Quizzes Created
-
Created Quiz Play Count
-
More By This Creator
Popular Quizzes Today
1
5x2 Blitz: Bands
2
Find the 'City' Movie
3
Find the US States - No Outlines Minefield
4
Colored Red Africa Blitz
5
The Countries of the World
6
Find the US States
7
9x9 Crossword: Cartoon Network
8
Risky Map Clicking: Biggest States A-Z
More Movies Quizzes
Movie-Actor Chain
Editor's Pick
Trending Quizzes
Colored Red Africa Blitz II
Colored Red Europe Blitz I
Find the 'Dark' Movie
Find the 'Day' Movie
Find the 'Good' Movie
Recently Updated
Champions League XIs: Real Madrid
pecheneg
Largest US Cities 1790-2010
pecheneg
Rides in Walt Disney World
pecheneg
Most Oscar Losses (Acting)
pecheneg
Beyoncé Albums
pecheneg
Leaping Animals
pecheneg
Reality TV Shows (A-Z)
bhenderson79
Rickey Henderson's Hall of Fame Teammates
pecheneg
Champions League XIs: Arsenal
pecheneg
Quick Pick: Celebrities in WWE's Hall of Fame
aduchscher
Trending Topics
Crossword
Anime
NBA
Disney
Kpop
Marvel
Harry Potter
WWE
The Office
Puzzle
NFL
Soccer
Song
Pokémon
Country
Your Account Isn't Verified!
In order to create a playlist on Sporcle, you need to verify the email address you used during registration. Go to your
Sporcle Settings
to finish the process.
Report this User
Report this user for behavior that violates our
Community Guidelines
.
Details:
Send Report
Go to the Sporcle.com Mobile Site →
Comments